| 000 | 00527aam a2200193 4500 | ||
|---|---|---|---|
| 005 | 20231010173841.0 | ||
| 008 | 150529b xxu||||| |||| 00| 0 spa d | ||
| 041 | _aEspañol | ||
| 082 | _a155.23 G799g | ||
| 100 |
_aGreene, Robert _920628 |
||
| 245 | _aGuía rápida de las 48 leyes del poder | ||
| 260 |
_aMéxico _bOcéano _c2009 |
||
| 300 | _a214 páginas | ||
| 650 | _aSUPERACIÓN PERSONAL | ||
| 650 | _aLEYES DEL PODER | ||
| 650 | _aCONSEJOS | ||
| 650 | _aTRIUNFAR EN LA VIDA | ||
| 942 |
_cLIT _2ddc |
||
| 999 |
_c2404 _d2404 |
||